00448 2200157 4500245011100000020002200111250000900133100002400142650002000166005001900186260002700205041001400232084001000246300002500256336000900281 aThink Palm Oil with A Cup of Coffee b : "Membahas Kelapa Sawit Berkelanjutan"cIr, Gamal Nasir, MShText a978-602-17095-2-8 a2015 aIr. Gamal Nasir, MS aNovel Non Fiksi a20240904130044 bMedia Perkebunanc2015 aIndonesia a633.8 a166 halaman :c23 cm atext